Govt. of
Madhya Pradesh

Ecology and Environment (Record no. 32651)

MARC details
000 -LEADER
fixed length control field 003100000a22001450004500
003 - CONTROL NUMBER IDENTIFIER
control field MACL
040 ## - CATALOGING SOURCE
Original cataloging agency MACL
090 ## - LOCALLY ASSIGNED LC-TYPE CALL NUMBER (OCLC); LOCAL CALL NUMBER (RLIN)
-- 32988
-- 32986
100 ## - MAIN ENTRY--PERSONAL NAME
Personal name Sharma, P D
245 ## - TITLE STATEMENT
Title Ecology and Environment
260 ## - PUBLICATION, DISTRIBUTION, ETC. (IMPRINT)
Name of publisher, distributor, etc. Rastogi Publications
Date of publication, distribution, etc. 2001
350 ## - PRICE (NR) (BK AM CF MU VM SE) [OBSOLETE]
Price 157.50
650 ## - SUBJECT ADDED ENTRY--TOPICAL TERM
Topical term or geographic name as entry element Ecology
942 ## - ADDED ENTRY ELEMENTS (KOHA)
Koha item type Library Membar
Call number prefix 577/SHA
Holdings
Withdrawn status Lost status Damaged status Not for loan Home library Current library Date acquired Total Checkouts Total Renewals Full call number Barcode Date last seen Date last checked out Uniform Resource Identifier Price effective from Koha item type
        MACL MACL   2 1 577/SHA BOOK CLC845 09/03/2017 22/02/2017 32707 15/04/2015 Books